Cuentos cortos cada vez todos los días del mes / (Registro nro. 3532)
[ vista simple ]
| 000 -LEADER | |
|---|---|
| fixed length control field | 00893nam a2200217Ia 4500 |
| 003 - CONTROL NUMBER IDENTIFIER | |
| control field | OSt |
| 005 - DATE AND TIME OF LATEST TRANSACTION | |
| control field | 20200417142630.0 |
| 008 - FIXED-LENGTH DATA ELEMENTS--GENERAL INFORMATION | |
| fixed length control field | 191128t1999 ck a br 000 j spa d |
| 020 ## - INTERNATIONAL STANDARD BOOK NUMBER | |
| International Standard Book Number | 9586810518 |
| 040 ## - CATALOGING SOURCE | |
| Original cataloging agency | CO-JMCR |
| Modifying agency | CO-JMCR |
| 041 0# - LANGUAGE CODE | |
| Language code of text/sound track or separate title | spa |
| 082 04 - DEWEY DECIMAL CLASSIFICATION NUMBER | |
| Classification number | C / |
| Item number | GARc |
| 100 1# - MAIN ENTRY--PERSONAL NAME | |
| Personal name | García Mejía, Hernando |
| Relator term | autor |
| 9 (RLIN) | 3167 |
| 245 10 - TITLE STATEMENT | |
| Title | Cuentos cortos cada vez todos los días del mes / |
| Statement of responsibility, etc. | Hernando García Mejía |
| 250 ## - EDITION STATEMENT | |
| Edition statement | Primera edición |
| 260 ## - PUBLICATION, DISTRIBUTION, ETC. | |
| Place of publication, distribution, etc. | Bogotá : |
| Name of publisher, distributor, etc. | Migema Ediciones, |
| Date of publication, distribution, etc. | ©1999 |
| 300 ## - PHYSICAL DESCRIPTION | |
| Extent | 108 páginas : |
| Other physical details | ilustraciones ; |
| Dimensions | 28 cm. |
| 520 ## - SUMMARY, ETC. | |
| Summary, etc. | Selección de textos cortos, originales y completos, se realizó con dos fines especificos: para ser leídos a los pequeños en casa o en el aula o para ser leídos por ellos mismos, si saben y pueden hacerlo. La variedad temática abarca ricas connotaciones: |
| 650 14 - SUBJECT ADDED ENTRY--TOPICAL TERM | |
| Topical term or geographic name entry element | Cuentos infantiles |
| 9 (RLIN) | 3168 |
| 942 ## - ADDED ENTRY ELEMENTS (KOHA) | |
| Source of classification or shelving scheme | Dewey Decimal Classification |
| Koha item type | Books |
| Withdrawn status | Lost status | Source of classification or shelving scheme | Damaged status | Not for loan | Collection code | Home library | Current library | Date acquired | Source of acquisition | Cost, normal purchase price | Total Checkouts | Full call number | Barcode | Date last seen | Date last checked out | Copy number | Koha item type |
|---|---|---|---|---|---|---|---|---|---|---|---|---|---|---|---|---|---|
| Dewey Decimal Classification | Fiction | Biblioteca Pública José María del Castillo y Rada | Biblioteca Pública José María del Castillo y Rada | 11/28/2019 | Donación | 0.00 | 5 | C / GARc | 201807394 | 07/18/2025 | 07/17/2025 | Ej.1 | Books |